Statistics for Paul McCartney Charting Songs (Billboard Hot 100)

Click here to take the quiz!

General Stats

  • This quiz has been taken 159 times
  • The average score is 16 of 47

Answer Stats

AlbumWeeks OnPeakArtist(s)Song% Correct
Band on the Run18 Weeks#1 (1 Week)Paul McCartney and WingsBand on the Run
95%
Tug of War19 Weeks#1 (7 Weeks)Paul McCartney & Stevie WonderEbony and Ivory
86%
Pipes of Peace22 Weeks#1 (6 Weeks)Paul McCartney & Michael JacksonSay Say Say
84%
Live and Let Die14 Weeks#2WingsLive and Let Die
81%
Band on the Run14 Weeks#7Paul McCartney and WingsJet
77%
Wings at the Speed of Sound19 Weeks#1 (5 Weeks)WingsSilly Love Songs
66%
Thriller18 Weeks#2Michael Jackson & Paul McCartneyThe Girl is Mine
65%
Ram13 Weeks#1 (1 Week)Paul & Linda McCartneyUncle Albert / Admiral Halsey
62%
McCartney II21 Weeks#1 (3 Weeks)Paul McCartney and WingsComing Up
61%
Wings at the Speed of Sound16 Weeks#3WingsLet 'em In
58%
Red Rose Speedway18 Weeks#1 (4 Weeks)Paul McCartney and WingsMy Love
57%
Give My Regards to Broad Street18 Weeks#6Paul McCartneyNo More Lonely Nights
49%
Venus and Mars14 Weeks#1 (1 Week)WingsListen to What the Man Said
48%
London Town18 Weeks#1 (2 Weeks)WingsWith a Little Luck
48%
Wings Over America13 Weeks#10WingsMaybe I'm Amazed
47%
Venus and Mars9 Weeks#12WingsVenus and Mars / Rock Show
47%
Non-Album Single20 Weeks#4Rihanna & Kanye West ft. Paul McCartneyFourFiveSeconds
45%
Non-Album Single12 Weeks#5Paul McCartneyAnother Day / Oh Woman Oh Why
43%
London Town8 Weeks#39WingsLondon Town
38%
Non-Album Single11 Weeks#10WingsHi, Hi, Hi
37%
Tug of War8 Weeks#53Paul McCartneyTug of War
35%
Non-Album Single17 Weeks#3Paul McCartney and WingsJunior's Farm / Sally G
32%
Flowers in the Dirt10 Weeks#25Paul McCartneyMy Brave Face
31%
Non-Album Single16 Weeks#5WingsGoodnight Tonight
27%
Band on the Run (US Version)13 Weeks#10Paul McCartney and WingsHelen Wheels
27%
Press to Play11 Weeks#21Paul McCartneyPress
26%
Tug of War16 Weeks#10Paul McCartneyTake It Away
25%
McCartney II13 Weeks#26Paul McCartneyWonderful Christmastime
24%
Non-Album Single11 Weeks#33WingsGirls' School
18%
Back to the Egg10 Weeks#29WingsArrow Through Me
16%
Non-Album Single8 Weeks#21WingsGive Ireland Back to the Irish
15%
London Town11 Weeks#25WingsI've Had Enough
15%
Back to the Egg10 Weeks#20WingsGetting Closer
14%
Flowers in the Dirt3 Weeks#94Paul McCartneyThis One
14%
Off the Ground6 Weeks#83Paul McCartneyHope of Deliverance
13%
Pipes of Peace14 Weeks#23Paul McCartneySo Bad
12%
Venus and Mars6 Weeks#39WingsLetting Go
11%
Non-Album Single7 Weeks#28WingsMary Had a Little Lamb / Little Woman Love
11%
Driving Rain2 Weeks#97Paul McCartneyFreedom
10%
Non-Album Single17 Weeks#7Paul McCartneySpies Like Us
10%
Memory Almost Full2 Weeks#69Paul McCartneyDance Tonight
9%
Flowers in the Dirt5 Weeks#92Paul McCartneyFigure of Eight
7%
Non-Album Single8 Weeks#35Kanye West ft. Paul McCartneyOnly One
6%
Non-Album Single15 Weeks#15Kanye West ft. Theophilus London, Allan Kingdom & Paul McCartneyAll Day
5%
Press to Play6 Weeks#81Paul McCartneyStranglehold
5%
Non-Album Single1 Week#48Paul McCartney with U2Sgt. Pepper's Lonely Hearts Club Band
4%
Flaming Pie10 Weeks#64Paul McCartneyThe World Tonight
4%

Score Distribution

Percentile by Number Answered

Percent of People with Each Score

Your Score History

You have not taken this quiz